[Event "Airthings Masters Div 2 W"]
[Site "chess.com INT"]
[Date "2023.02.06"]
[Round "1.2"]
[White "Ghosh, Diptayan"]
[Black "Caruana, Fabiano"]
[Result "1/2-1/2"]
[WhiteTitle "GM"]
[BlackTitle "GM"]
[WhiteElo "2553"]
[BlackElo "2766"]
[WhiteFideId "5045207"]
[BlackFideId "2020009"]
[EventDate "2023.02.06"]

1. d4 d5 2. c4 c6 3. e3 Bf5 4. Nc3 e6 5. Nf3 Nf6 6. Nh4 Be4 7. f3 Bg6 8. Bd2 Be7
9. Nxg6 hxg6 10. Qc2 Nbd7 11. O-O-O a6 12. g4 dxc4 13. Bxc4 b5 14. Be2 c5 15. g5
Nd5 16. Nxd5 exd5 17. dxc5 Nxc5 18. Kb1 Rc8 19. Rc1 O-O 20. Qd1 d4 21. h4 Ne6
22. exd4 Qxd4 23. Bc3 Qf4 24. Qd3 Rfd8 25. Qe4 Qxe4+ 26. fxe4 Nf4 27. Bg4 Rc4
28. Ba5 Rdd4 29. Rxc4 Rxc4 30. Bf3 Ne6 31. Rd1 Bc5 32. Be1 Kf8 33. b3 Rd4 34.
Rxd4 Nxd4 35. Bg4 b4 36. Kc1 Ke7 37. Kd2 Nc6 38. Bc8 Ne5 39. Bxa6 Nf3+ 40. Ke2
Nxe1 41. Kxe1 f6 42. Ke2 fxg5 43. hxg5 Kd6 44. Kf3 Ke5 45. Bc4 Be7 46. Kg4 Kxe4
47. Bf7 Kd4 48. Bxg6 Kc3 49. Kf5 Kb2 50. Bf7 Kxa2 51. Bc4 Kb2 52. Kg6 Kc3 53.
Kxg7 Bxg5 1/2-1/2

[Event "Airthings Masters Div 2 W"]
[Site "chess.com INT"]
[Date "2023.02.06"]
[Round "1.3"]
[White "Caruana, Fabiano"]
[Black "Ghosh, Diptayan"]
[Result "1-0"]
[WhiteTitle "GM"]
[BlackTitle "GM"]
[WhiteElo "2766"]
[BlackElo "2553"]
[WhiteFideId "2020009"]
[BlackFideId "5045207"]
[EventDate "2023.02.06"]

1. c4 e5 2. Nc3 Bb4 3. Nd5 a5 4. Nf3 d6 5. a3 Bc5 6. d4 exd4 7. Nxd4 c6 8. Nc3
Nf6 9. e3 O-O 10. Be2 d5 11. b3 dxc4 12. bxc4 Nbd7 13. O-O Nb6 14. Rb1 a4 15. h3
Qe7 16. Qc2 Rd8 17. Rd1 Bd7 18. Bd3 Be6 19. Nce2 h6 20. Bb2 Nbd7 21. Nf4 Nf8 22.
Nfxe6 fxe6 23. Qc3 N8d7 24. Bc2 Bd6 25. Qd3 Nc5 26. Qe2 Ncd7 27. Bc3 Nf8 28. Bb2
N8d7 29. Bf5 Nf8 30. Bxe6+ Nxe6 31. Nf5 Qf8 32. Bxf6 Qxf6 33. Nxd6 Nc5 34. Nxb7
Rxd1+ 35. Qxd1 Ne4 36. Qc2 Qe5 37. c5 Rf8 38. f4 Qe6 39. Kh2 Qg6 40. Kg1 Qe6 41.
Qd3 Rb8 42. Rb4 Nf6 43. Nd8 Qd7 44. Qc4+ 1-0

[Event "Airthings Masters Div 2 W"]
[Site "chess.com INT"]
[Date "2023.02.06"]
[Round "1.1"]
[White "Kramnik, Vladimir"]
[Black "Salem, A.R. Saleh"]
[Result "1/2-1/2"]
[WhiteTitle "GM"]
[BlackTitle "GM"]
[WhiteElo "2753"]
[BlackElo "2677"]
[WhiteFideId "4101588"]
[BlackFideId "9301348"]
[EventDate "2023.02.06"]

1. Nf3 Nf6 2. g3 c5 3. Bg2 d5 4. O-O e6 5. d4 cxd4 6. Nxd4 e5 7. Nb3 Be6 8. Nc3
Be7 9. f4 e4 10. f5 Bc8 11. Bg5 Nbd7 12. Kh1 Nb6 13. e3 h6 14. Bh4 O-O 15. Qe2
Bd7 16. Rad1 Qe8 17. g4 Rc8 18. Nd4 Rxc3 19. bxc3 Na4 20. Be1 Bd6 21. c4 Nb2 22.
Rb1 Nxc4 23. Rxb7 Qc8 24. Rb3 Ba4 25. Rc3 Re8 26. Rg1 Nd7 27. Bf1 Nde5 28. g5
hxg5 29. Rxg5 Be7 30. Rg3 Bf6 31. Qh5 Qb7 32. Rh3 Kf8 33. Rb3 Bxb3 34. axb3 Nd6
35. Qd1 Kg8 36. Qh5 Kf8 37. Ba5 Rc8 38. c3 Ke7 39. Qd1 Nc6 40. Nxc6+ Qxc6 41. c4
dxc4 42. bxc4 Qc5 43. Be1 Nxf5 44. Qg4 Nd6 45. Rh5 Qxe3 46. Bg3 Rc5 47. Rxc5
Qxc5 48. Bh3 Kf8 49. Bf1 Be5 50. Qh5 f6 51. Qh8+ Kf7 52. Qh5+ Kf8 53. Qh8+ Kf7
54. Qh5+ Ke7 55. Qh7 Bxg3 56. Qxg7+ Nf7 57. Qxg3 a5 58. Qb3 Nd6 59. Qd1 f5 60.
Qd2 Ke6 61. Qh6+ Kd7 62. Qg7+ Kc6 63. Qg8 Qb4 64. Qd5+ Kc7 65. c5 Nb7 66. Qf7+
Kc6 67. Qe6+ Kxc5 68. Qxf5+ Kd4 69. Qf6+ Ke3 70. Qg5+ Kd4 71. Qf6+ Kc5 72. Qe5+
Kb6 73. h4 a4 74. h5 a3 75. h6 Qb2 76. Qe6+ Kc5 77. h7 a2 78. Qc4+ Kb6 79. Qe6+
Kc5 80. Qc4+ Kd6 81. Qa6+ Kc5 82. Qc4+ 1/2-1/2

[Event "Airthings Masters Div 2 W"]
[Site "chess.com INT"]
[Date "2023.02.06"]
[Round "1.2"]
[White "Salem, A.R. Saleh"]
[Black "Kramnik, Vladimir"]
[Result "1-0"]
[WhiteTitle "GM"]
[BlackTitle "GM"]
[WhiteElo "2677"]
[BlackElo "2753"]
[WhiteFideId "9301348"]
[BlackFideId "4101588"]
[EventDate "2023.02.06"]

1. d4 Nf6 2. c4 e6 3. Nf3 Bb4+ 4. Nbd2 b6 5. a3 Bxd2+ 6. Qxd2 O-O 7. e3 d5 8.
Be2 dxc4 9. Bxc4 Bb7 10. Qe2 Nbd7 11. O-O c5 12. dxc5 Nxc5 13. Rd1 Qc7 14. h3
Rfd8 15. Bd2 Na4 16. Rdc1 Bxf3 17. Qxf3 Qe5 18. b3 Ne4 19. Be1 Nb2 20. Rab1 Nd3
21. Bxd3 Rxd3 22. Rc4 f5 23. Rbc1 Rad8 24. Rc7 Qb2 25. Qh5 Rf8 26. R1c2 Qa1 27.
Rc1 Qxa3 28. Rxg7+ Kxg7 29. Rc7+ Kf6 30. f4 1-0

[Event "Airthings Masters Div 2 W"]
[Site "chess.com INT"]
[Date "2023.02.06"]
[Round "1.3"]
[White "Kramnik, Vladimir"]
[Black "Salem, A.R. Saleh"]
[Result "0-1"]
[WhiteTitle "GM"]
[BlackTitle "GM"]
[WhiteElo "2753"]
[BlackElo "2677"]
[WhiteFideId "4101588"]
[BlackFideId "9301348"]
[EventDate "2023.02.06"]

1. c4 c5 2. g3 g6 3. Bg2 Bg7 4. Nc3 Nc6 5. d3 d6 6. Qd2 e6 7. b3 Nge7 8. Bb2 O-O
9. h4 h6 10. Nf3 Nf5 11. g4 Nfd4 12. e3 Nxf3+ 13. Bxf3 d5 14. g5 h5 15. O-O-O
Bxc3 16. Qxc3 d4 17. exd4 Nxd4 18. Kb1 a5 19. Rhe1 a4 20. b4 a3 21. Ba1 Qb6 22.
Kc1 Rd8 23. bxc5 Qxc5 24. Re4 e5 25. Rde1 Ra5 26. Bd1 Nc6 27. R4e3 Bf5 28. Bb3
Rd4 29. Qd2 Ra8 30. f4 Rxf4 31. Bxe5 Nxe5 32. Rxe5 Qd4 33. Rd5 Qa1+ 34. Kc2 Qb2+
35. Kd1 Bg4+ 0-1

[Event "Airthings Masters Div 2 W"]
[Site "chess.com INT"]
[Date "2023.02.07"]
[Round "2.1"]
[White "Kravtsiv, Martyn"]
[Black "Yu, Yangyi"]
[Result "1/2-1/2"]
[WhiteTitle "GM"]
[BlackTitle "GM"]
[WhiteElo "2598"]
[BlackElo "2729"]
[WhiteFideId "14113147"]
[BlackFideId "8603820"]
[EventDate "2023.02.06"]

1. e4 e5 2. Nf3 Nc6 3. d4 exd4 4. Bc4 Nf6 5. e5 d5 6. Bb5 Nd7 7. O-O Be7 8. Bxc6
bxc6 9. Nxd4 Nb8 10. Nc3 O-O 11. Qf3 a5 12. Rd1 a4 13. h3 Re8 14. Bf4 Ra6 15. b3
axb3 16. axb3 Rxa1 17. Rxa1 c5 18. Ndb5 Be6 19. Ra7 Nc6 20. Rxc7 Nd4 21. Qd3 Bf5
22. Qd2 Ne6 23. Nxd5 Nxc7 24. Nbxc7 Rf8 25. c4 Be6 26. Nxe7+ Qxe7 27. Qd6 Qd7
28. Qxd7 Bxd7 29. Na6 Bf5 30. Nxc5 Ra8 31. b4 Ra1+ 32. Kh2 Ra2 33. b5 Rxf2 34.
b6 Bc8 35. e6 fxe6 36. Be5 Re2 37. Bd4 Rd2 38. Be5 Re2 39. Bd4 Rd2 40. Be5 Re2 1/2-1/2

[Event "Airthings Masters Div 2 W"]
[Site "chess.com INT"]
[Date "2023.02.07"]
[Round "2.2"]
[White "Yu, Yangyi"]
[Black "Kravtsiv, Martyn"]
[Result "1-0"]
[WhiteTitle "GM"]
[BlackTitle "GM"]
[WhiteElo "2729"]
[BlackElo "2598"]
[WhiteFideId "8603820"]
[BlackFideId "14113147"]
[EventDate "2023.02.06"]

1. e4 e6 2. d4 d5 3. e5 c5 4. c3 Nc6 5. Nf3 Qb6 6. Na3 cxd4 7. cxd4 Bb4+ 8. Bd2
Nge7 9. Bc3 a6 10. Nc2 Bxc3+ 11. bxc3 Qb2 12. Kd2 Na5 13. Qb1 Qxb1 14. Rxb1 Bd7
15. Ne3 Rc8 16. Bd3 O-O 17. Rhc1 Rc7 18. Ng1 Ra8 19. f4 b5 20. g4 Nc8 21. f5 Nb6
22. f6 g6 23. Ne2 Rac8 24. h4 h6 25. g5 h5 26. Rc2 Bc6 27. Nf4 Nac4+ 28. Bxc4
dxc4 29. Rcc1 Rd8 30. Nc2 Be4 31. Ke3 Bb7 32. Ne1 Na4 33. Nf3 Bc6 34. Nd2 a5 35.
Ne4 Bxe4 36. Kxe4 Rb7 37. a3 Kf8 38. Ke3 Ke8 39. Rc2 Kd7 40. d5 exd5 41. Kd4 Kc6
42. e6 fxe6 43. Nxg6 Kd6 44. Ne5 Rf8 45. Rf2 Nxc3 46. g6 Nxb1 47. f7 Nxa3 48. g7
Rbb8 49. Ng6 Rxf7 50. Rxf7 Nc2+ 51. Kc3 b4+ 52. Kxc2 b3+ 53. Kb1 Rg8 54. Ne7
Rxg7 55. Rxg7 c3 56. Ng6 d4 57. Nf4 e5 58. Rg6+ Kd7 59. Nd3 e4 60. Nc5+ Kc7 61.
Ne6+ Kd6 62. Nxd4+ Kd5 63. Nxb3 e3 64. Kc2 e2 65. Rg1 a4 66. Nc1 1-0

[Event "Airthings Masters Div 2 W"]
[Site "chess.com INT"]
[Date "2023.02.07"]
[Round "2.3"]
[White "Kravtsiv, Martyn"]
[Black "Yu, Yangyi"]
[Result "1/2-1/2"]
[WhiteTitle "GM"]
[BlackTitle "GM"]
[WhiteElo "2598"]
[BlackElo "2729"]
[WhiteFideId "14113147"]
[BlackFideId "8603820"]
[EventDate "2023.02.06"]

1. e4 e5 2. d4 exd4 3. Nf3 Bc5 4. Bc4 d6 5. Nxd4 Nf6 6. O-O O-O 7. Nc3 h6 8. h3
Re8 9. Nb3 Bb6 10. a4 a6 11. Re1 Be6 12. Bxe6 Rxe6 13. a5 Ba7 14. e5 Qe8 15.
Bxh6 Rxe5 16. Bg5 Ne4 17. Nxe4 Rxe4 18. Rxe4 Qxe4 19. Bd8 Nd7 20. Bxc7 Rc8 21.
Bxd6 Bxf2+ 22. Kxf2 Rxc2+ 23. Nd2 Qd4+ 24. Ke2 Qe4+ 25. Kf2 Qd4+ 26. Ke2 Qe4+
27. Kf2 1/2-1/2

[Event "Airthings Masters Div 2 W"]
[Site "chess.com INT"]
[Date "2023.02.07"]
[Round "2.4"]
[White "Yu, Yangyi"]
[Black "Kravtsiv, Martyn"]
[Result "1-0"]
[WhiteTitle "GM"]
[BlackTitle "GM"]
[WhiteElo "2729"]
[BlackElo "2598"]
[WhiteFideId "8603820"]
[BlackFideId "14113147"]
[EventDate "2023.02.06"]

1. e4 e6 2. d4 d5 3. exd5 exd5 4. Nf3 Bd6 5. Bd3 Nc6 6. O-O Bg4 7. c3 Nge7 8.
Nbd2 Qd7 9. Re1 O-O-O 10. b4 Ng6 11. b5 Na5 12. Qa4 Nf4 13. Bf1 b6 14. Ne5 Bxe5
15. dxe5 Ng6 16. Nb3 Nc4 17. Bxc4 dxc4 18. Qa6+ Kb8 19. Nd4 c5 20. bxc6 Qc7 21.
Nb5 1-0

[Event "Airthings Masters Div 2 W"]
[Site "chess.com INT"]
[Date "2023.02.07"]
[Round "2.1"]
[White "Andreikin, Dmitry"]
[Black "Yakubboev, Nodirbek"]
[Result "0-1"]
[WhiteTitle "GM"]
[BlackTitle "GM"]
[WhiteElo "2729"]
[BlackElo "2630"]
[WhiteFideId "4158814"]
[BlackFideId "14203987"]
[EventDate "2023.02.06"]

1. c4 e5 2. Nc3 Bb4 3. Nd5 a5 4. Nf3 d6 5. a3 Bc5 6. e3 c6 7. Nc3 Qe7 8. d4 Ba7
9. dxe5 dxe5 10. Ne4 Nd7 11. Nd6+ Kf8 12. b4 e4 13. Bb2 Nh6 14. Nxc8 Rxc8 15.
Nd2 Rd8 16. Qh5 axb4 17. axb4 Bb8 18. c5 Nf6 19. Qe2 Nd5 20. Qc4 Be5 21. Bxe5
Qxe5 22. Rd1 f5 23. Nb3 Ke7 24. Rd4 Ng4 25. Qc1 f4 26. Be2 Ndxe3 27. fxe3 Nxe3
28. Rd6 Nxg2+ 29. Kf2 f3 30. Bxf3 exf3 31. Nd4 Nf4 32. Qe3 Nh3+ 33. Kxf3 Rhf8+
34. Ke2 Rf2+ 35. Kd3 Nf4+ 36. Kc4 Qxe3 37. Nf5+ Kf7 38. Nxe3 Re8 39. Rd7+ Kf8
40. Nf5 Re4+ 41. Kb3 Nd5 42. Rd8+ Re8 43. Rxe8+ Kxe8 44. Nd6+ Kd7 45. Rd1 Rf3+
46. Kb2 Nxb4 47. Nxb7+ Kc7 48. Nd6 Nd3+ 49. Kc2 Nxc5 50. Ne8+ Kb6 51. Nxg7 Rf2+
52. Rd2 Rxd2+ 53. Kxd2 Kc7 54. Ke3 Kd6 55. Kf4 Ne6+ 56. Nxe6 Kxe6 57. Ke4 h5 58.
Kd4 Kf5 59. Kc5 Kg4 60. Kxc6 Kh3 61. Kd5 Kxh2 62. Ke4 Kg2 63. Kf4 h4 0-1

[Event "Airthings Masters Div 2 W"]
[Site "chess.com INT"]
[Date "2023.02.07"]
[Round "2.2"]
[White "Yakubboev, Nodirbek"]
[Black "Andreikin, Dmitry"]
[Result "1/2-1/2"]
[WhiteTitle "GM"]
[BlackTitle "GM"]
[WhiteElo "2630"]
[BlackElo "2729"]
[WhiteFideId "14203987"]
[BlackFideId "4158814"]
[EventDate "2023.02.06"]

1. d4 Nf6 2. c4 e6 3. Nf3 d5 4. g3 Be7 5. Bg2 O-O 6. Nc3 c6 7. O-O b6 8. b3 Ba6
9. Qd3 c5 10. Ne5 Nbd7 11. Nc6 Qe8 12. Ba3 Bd6 13. e4 dxc4 14. bxc4 e5 15. d5
Nb8 16. Nxb8 Rxb8 17. Rab1 Qe7 18. Bc1 Ne8 19. f4 Bc7 20. a4 Ra8 21. Nb5 Bxb5
22. axb5 a5 23. Bb2 Nf6 24. fxe5 Bxe5 25. Bxe5 Qxe5 26. Rf5 Qd4+ 27. Qxd4 cxd4
28. e5 Ng4 29. d6 Rad8 30. Bd5 g6 31. Rff1 Nxe5 32. Rbe1 Nd3 33. Rd1 Nc5 34.
Rxd4 Kg7 35. Bc6 a4 36. d7 f5 37. Rd5 Rf6 38. Ra1 Kf7 39. Rxc5 bxc5 40. Rxa4 Ke7
41. Ra7 Rd6 42. Rc7 Rd4 43. b6 Rxc4 44. b7 Rb4 45. Kf2 Rb2+ 46. Ke3 Rxh2 47. Rc8
Rb2 48. Kf4 c4 49. Ke3 c3 50. Kd3 c2 51. Kd2 h5 52. Kc1 Rb6 53. Kxc2 g5 54. Kc3
g4 55. Kc4 h4 56. Kc5 Rxb7 57. Bxb7 Rxd7 58. Bc6 Rd8 59. Rxd8 Kxd8 60. gxh4 Ke7
61. Kd4 Kf6 62. Bd7 g3 63. Ke3 f4+ 64. Kf3 Kg7 65. Bh3 Kh8 66. Kxf4 Kg7 67. Kxg3
Kh8 68. Kf4 Kg7 69. Kg5 Kh8 70. h5 Kg7 71. h6+ Kh8 72. h7 Kxh7 1/2-1/2

[Event "Airthings Masters Div 2 W"]
[Site "chess.com INT"]
[Date "2023.02.07"]
[Round "2.3"]
[White "Andreikin, Dmitry"]
[Black "Yakubboev, Nodirbek"]
[Result "1/2-1/2"]
[WhiteTitle "GM"]
[BlackTitle "GM"]
[WhiteElo "2729"]
[BlackElo "2630"]
[WhiteFideId "4158814"]
[BlackFideId "14203987"]
[EventDate "2023.02.06"]

1. c4 Nf6 2. Nc3 e6 3. e4 c5 4. e5 Ng8 5. Nf3 Nc6 6. d4 cxd4 7. Nxd4 Nxe5 8.
Ndb5 a6 9. Nd6+ Bxd6 10. Qxd6 f6 11. Be3 Ne7 12. Bb6 Nf5 13. Qb4 Nc6 14. Qc5 d6
15. Bxd8 dxc5 16. Bb6 Ne5 17. Bxc5 g5 18. Be2 h5 19. O-O Bd7 20. f4 gxf4 21.
Rxf4 Bc6 22. b4 Rc8 23. Raf1 Kf7 24. Nd5 Rcg8 25. g3 h4 26. g4 exd5 27. Rxf5
Nxg4 28. cxd5 Bxd5 29. Bxg4 Rxg4+ 30. Kf2 Be4 31. Rxf6+ Kxf6 32. Bd4+ Kg6 33.
Bxh8 Bd5 34. Rg1 Rxg1 35. Kxg1 Bxa2 36. Kf2 Kf5 37. Ke3 Bd5 38. Kd4 Bc6 39. Kc3
Ke4 40. Bf6 h3 41. Bh4 1/2-1/2

[Event "Airthings Masters Div 2 W"]
[Site "chess.com INT"]
[Date "2023.02.07"]
[Round "2.4"]
[White "Yakubboev, Nodirbek"]
[Black "Andreikin, Dmitry"]
[Result "0-1"]
[WhiteTitle "GM"]
[BlackTitle "GM"]
[WhiteElo "2630"]
[BlackElo "2729"]
[WhiteFideId "14203987"]
[BlackFideId "4158814"]
[EventDate "2023.02.06"]

1. d4 g6 2. c4 Bg7 3. Nc3 c5 4. d5 Bxc3+ 5. bxc3 f5 6. e4 fxe4 7. f3 e5 8. dxe6
Nc6 9. Bf4 Nf6 10. Qd6 dxe6 11. Qxc5 Qb6 12. Qxb6 axb6 13. Bd6 e5 14. c5 bxc5
15. Bxc5 Be6 16. a4 Rc8 17. Bb5 Bd7 18. Rd1 Na5 19. Bxd7+ Nxd7 20. Bb4 Nc6 21.
fxe4 Nxb4 22. cxb4 Rc4 23. Nf3 Rxe4+ 24. Kf2 Rxb4 25. Rhe1 Rxa4 26. Nxe5 O-O+
27. Kg1 Nxe5 28. Rxe5 Rf7 29. h3 Rb4 30. Rdd5 Rb2 31. Kh2 Kg7 32. Re3 b5 33.
Rdd3 b4 34. h4 Kh6 35. Kh3 Rb1 36. g3 Rb7 37. Kg4 b3 38. Rf3 Rb4+ 0-1

[Event "Airthings Masters Div 2 W"]
[Site "chess.com INT"]
[Date "2023.02.07"]
[Round "2.5"]
[White "Andreikin, Dmitry"]
[Black "Yakubboev, Nodirbek"]
[Result "1/2-1/2"]
[WhiteTitle "GM"]
[BlackTitle "GM"]
[WhiteElo "2729"]
[BlackElo "2630"]
[WhiteFideId "4158814"]
[BlackFideId "14203987"]
[EventDate "2023.02.06"]

1. c4 Nf6 2. Nc3 e6 3. e4 c5 4. Nf3 Nc6 5. Be2 d5 6. exd5 exd5 7. d4 cxd4 8.
Nxd4 Bb4 9. O-O O-O 10. cxd5 Nxd5 11. Nxc6 bxc6 12. Nxd5 cxd5 13. Be3 a5 14. Rc1
Rb8 15. Qd3 Be6 16. Rfd1 Qd7 17. Bd4 Rfc8 18. Qg3 Bf8 19. h4 Rxc1 20. Rxc1 Rc8
21. Rxc8 Qxc8 22. Qc3 Qd8 23. g3 Bf5 24. Bb5 h5 25. a3 Be4 26. Qc6 Qe7 27. Qe8
Qxe8 28. Bxe8 Bc2 29. Kf1 a4 30. Ke2 Be7 31. Kd2 Bb3 32. Kc3 Kf8 33. Bb5 Bd6 34.
Bb6 Ke7 35. Kd4 Ke6 36. f4 Be7 37. Ke3 g6 38. Bd4 Bd8 39. Ba6 Kd7 40. f5 Bc7 41.
Kf2 Bc2 42. Be2 Kd6 43. Bf3 Kc6 44. f6 Kd6 45. g4 hxg4 46. Bxg4 Ba5 47. Ke2 Bb3
48. Bc8 Bc4+ 49. Kf2 Bb3 50. Bg4 Bc4 51. Bd1 Bb5 52. Bc2 Ke6 53. Bd1 Bd2 54.
Bg4+ Kd6 55. Kf3 Bd3 56. Bc8 Bc2 57. Ke2 Bf4 58. Bg4 Bg3 59. Kd2 Bb3 60. h5 gxh5
61. Bxh5 Ke6 62. Bg4+ Kd6 63. Ke3 Bh2 64. Kd3 Be5 65. Kc3 Bf4 66. Kb4 Be5 67.
Kc3 Bg3 68. Bc8 Be1+ 69. Kd3 Bg3 70. Ba6 Be1 71. Bb5 Ke6 72. Ba6 Kd6 73. Ke3 Bg3
74. Bc8 Be5 75. Bf5 Bh2 76. Bg4 Bg1+ 77. Kd3 Bh2 78. Bh5 Ke6 79. Bg4+ Kd6 80.
Bc3 Be5 81. Bd4 Bh2 1/2-1/2

[Event "Airthings Masters Div 2 W"]
[Site "chess.com INT"]
[Date "2023.02.07"]
[Round "2.1"]
[White "Caruana, Fabiano"]
[Black "Salem, A.R. Saleh"]
[Result "1-0"]
[WhiteTitle "GM"]
[BlackTitle "GM"]
[WhiteElo "2766"]
[BlackElo "2677"]
[WhiteFideId "2020009"]
[BlackFideId "9301348"]
[EventDate "2023.02.06"]

1. e4 e5 2. Nf3 Nc6 3. Bb5 a6 4. Ba4 Nf6 5. O-O Be7 6. Re1 b5 7. Bb3 O-O 8. a4
b4 9. a5 d6 10. c3 Rb8 11. h3 Rb5 12. cxb4 Rxb4 13. d3 Be6 14. Bxe6 fxe6 15. Bd2
Rb7 16. Qc2 Qd7 17. Rc1 Na7 18. b4 Ra8 19. Na3 Bd8 20. Rab1 Nb5 21. Nxb5 Rxb5
22. d4 exd4 23. Nxd4 Re5 24. Re1 c5 25. Nf3 Rh5 26. e5 Nd5 27. bxc5 dxc5 28.
Qxc5 Be7 29. Qc4 Rf8 30. Rb3 Rhf5 31. Qxa6 Bc5 32. Rc1 1-0

[Event "Airthings Masters Div 2 W"]
[Site "chess.com INT"]
[Date "2023.02.07"]
[Round "2.2"]
[White "Salem, A.R. Saleh"]
[Black "Caruana, Fabiano"]
[Result "1/2-1/2"]
[WhiteTitle "GM"]
[BlackTitle "GM"]
[WhiteElo "2677"]
[BlackElo "2766"]
[WhiteFideId "9301348"]
[BlackFideId "2020009"]
[EventDate "2023.02.06"]

1. d4 Nf6 2. c4 e6 3. Nc3 Bb4 4. e3 O-O 5. Bd3 d5 6. a3 Be7 7. Nf3 dxc4 8. Bxc4
c5 9. O-O cxd4 10. exd4 Nc6 11. Re1 Nd5 12. Qd3 Bf6 13. Bb3 Nxc3 14. bxc3 b6 15.
h4 Bb7 16. Ng5 g6 17. Rxe6 Na5 18. Ba2 fxe6 19. Nxe6 Qe7 20. Nxf8+ Kxf8 21. Bh6+
Bg7 22. Bg5 Bf6 23. Bh6+ Bg7 24. Bg5 Bf6 25. Bh6+ 1/2-1/2

[Event "Airthings Masters Div 2 W"]
[Site "chess.com INT"]
[Date "2023.02.07"]
[Round "2.3"]
[White "Caruana, Fabiano"]
[Black "Salem, A.R. Saleh"]
[Result "1-0"]
[WhiteTitle "GM"]
[BlackTitle "GM"]
[WhiteElo "2766"]
[BlackElo "2677"]
[WhiteFideId "2020009"]
[BlackFideId "9301348"]
[EventDate "2023.02.06"]

1. e4 e5 2. Nf3 Nc6 3. Bb5 a6 4. Ba4 Nf6 5. O-O Be7 6. Re1 b5 7. Bb3 O-O 8. a4
b4 9. a5 d6 10. c3 Rb8 11. h3 Rb5 12. cxb4 Rxb4 13. d3 Be6 14. Bxe6 fxe6 15. Bd2
Rb7 16. Qc2 Qd7 17. Rc1 Nd4 18. Nxd4 exd4 19. Qc6 Rxb2 20. Qxd7 Nxd7 21. Rxc7
Rd8 22. Be1 Bg5 23. Na3 Ne5 24. Rd1 Rdb8 25. Kf1 d5 26. exd5 exd5 27. Nc2 R8b3
28. Nxd4 Rxd3 29. Rxd3 Nxd3 30. Nf3 Bf6 31. Bd2 h6 32. Rc6 Ne5 33. Nxe5 Rxd2 34.
f4 Ra2 35. Rxa6 Kh7 36. Ra8 d4 37. a6 h5 38. a7 d3 39. Nxd3 Bd4 40. f5 Rxa7 41.
Rxa7 Bxa7 42. Ke2 g6 43. fxg6+ Kxg6 44. Kf3 Bb8 45. Nf4+ Kg5 46. Nd5 Kf5 47.
Ne3+ Kg5 48. Ke4 Bc7 49. Nf5 Bb8 50. Nd4 Bd6 51. Nf3+ Kf6 52. Nd2 Kg5 53. Kf3
Bb8 54. Ne4+ Kf5 55. h4 Bc7 56. g3 Bb8 57. Nc3 Bc7 58. Nd5 Be5 59. Nf4 Bd6 60.
Nxh5 Bf8 61. g4+ Kg6 62. Nf4+ Kf6 63. Nd5+ Kg6 64. g5 Kh5 65. Kg3 Bd6+ 66. Nf4+ 1-0

[Event "Airthings Masters Div 2 W"]
[Site "chess.com INT"]
[Date "2023.02.08"]
[Round "3.1"]
[White "Predke, Alexandr"]
[Black "Yu, Yangyi"]
[Result "1/2-1/2"]
[WhiteTitle "GM"]
[BlackTitle "GM"]
[WhiteElo "2684"]
[BlackElo "2729"]
[WhiteFideId "24107581"]
[BlackFideId "8603820"]
[EventDate "2023.02.06"]

1. e4 e5 2. Nf3 Nc6 3. Bb5 a6 4. Ba4 Nf6 5. O-O Nxe4 6. d4 b5 7. Bb3 d5 8. dxe5
Be6 9. Nbd2 Nc5 10. c3 Be7 11. Bc2 d4 12. Nb3 d3 13. Nxc5 dxc2 14. Qxd8+ Rxd8
15. Nxe6 fxe6 16. Be3 Rd5 17. Rfc1 Nxe5 18. Nxe5 Rxe5 19. Rxc2 Kf7 20. c4 b4 21.
Rd1 Rd8 22. Rxd8 Bxd8 23. Kf1 Bg5 1/2-1/2

[Event "Airthings Masters Div 2 W"]
[Site "chess.com INT"]
[Date "2023.02.08"]
[Round "3.2"]
[White "Yu, Yangyi"]
[Black "Predke, Alexandr"]
[Result "1/2-1/2"]
[WhiteTitle "GM"]
[BlackTitle "GM"]
[WhiteElo "2729"]
[BlackElo "2684"]
[WhiteFideId "8603820"]
[BlackFideId "24107581"]
[EventDate "2023.02.06"]

1. e4 c5 2. Nf3 e6 3. d4 cxd4 4. Nxd4 Nc6 5. Nc3 Qc7 6. Be3 a6 7. Qd2 Nf6 8.
O-O-O Be7 9. f4 b5 10. e5 b4 11. exf6 bxc3 12. Qxc3 Bxf6 13. g4 Qd6 14. Qd2 Bxd4
15. Bxd4 Qxd4 16. Qxd4 Nxd4 17. Rxd4 Bb7 18. Rg1 Ke7 19. Rg3 h6 20. Rb3 Bc6 21.
Rb6 a5 22. Bb5 Bxb5 23. Rxb5 g5 24. Ra4 h5 25. fxg5 hxg4 26. Rxg4 Rxh2 27. a4 d5
28. Rb7+ Kd6 29. Rxf7 Rc8 30. c3 Rb8 31. b4 axb4 32. Rxb4 Rc8 33. Rf3 Rg2 34.
Rb6+ Rc6 35. Rxc6+ Kxc6 36. Rf6 Kd6 37. g6 Ke5 38. Rf1 Kd6 39. Rf6 Ke5 40. Rf1
Kd6 41. Rf6 1/2-1/2

[Event "Airthings Masters Div 2 W"]
[Site "chess.com INT"]
[Date "2023.02.08"]
[Round "3.3"]
[White "Predke, Alexandr"]
[Black "Yu, Yangyi"]
[Result "0-1"]
[WhiteTitle "GM"]
[BlackTitle "GM"]
[WhiteElo "2684"]
[BlackElo "2729"]
[WhiteFideId "24107581"]
[BlackFideId "8603820"]
[EventDate "2023.02.06"]

1. e4 e5 2. Nf3 Nc6 3. Bb5 a6 4. Ba4 Nf6 5. d3 Bc5 6. O-O d6 7. c3 O-O 8. h3 Ba7
9. Re1 Ne7 10. d4 Ng6 11. Nbd2 b5 12. Bc2 c5 13. dxe5 dxe5 14. c4 Bb6 15. a4 Bd7
16. Re3 Bc6 17. Qf1 Qd7 18. Rb3 b4 19. a5 Bd8 20. Re3 Qb7 21. b3 Be7 22. Bb2
Rfd8 23. Qe1 Qc7 24. Nf1 Nd7 25. Rd3 Nf4 26. Rd5 Bxd5 27. exd5 Re8 28. Ng3 Bf8
29. Qd2 g6 30. Ne4 Bg7 31. g3 Nh5 32. Neg5 Nhf6 33. Re1 Qd6 34. h4 h6 35. Ne4
Nxe4 36. Bxe4 f5 37. Bc2 e4 38. Bxg7 Kxg7 39. Nh2 Nf6 40. Nf1 Ng4 41. Qf4 Rad8
42. Ne3 Qxf4 43. gxf4 Nxe3 44. fxe3 Kf6 45. Kf2 g5 46. h5 Rg8 47. Bd1 Rg7 48.
Be2 Rdg8 49. Rf1 gxf4 50. exf4 Rg2+ 51. Ke1 R8g3 52. d6 Re3 53. Rf2 Rxf2 54.
Kxf2 Rxb3 55. Bd1 Rd3 0-1

[Event "Airthings Masters Div 2 W"]
[Site "chess.com INT"]
[Date "2023.02.08"]
[Round "3.4"]
[White "Yu, Yangyi"]
[Black "Predke, Alexandr"]
[Result "1-0"]
[WhiteTitle "GM"]
[BlackTitle "GM"]
[WhiteElo "2729"]
[BlackElo "2684"]
[WhiteFideId "8603820"]
[BlackFideId "24107581"]
[EventDate "2023.02.06"]

1. Nf3 c5 2. e4 e6 3. c3 d5 4. exd5 Qxd5 5. d4 Nf6 6. Na3 a6 7. Nc4 Nbd7 8. Be2
b5 9. Ne3 Qc6 10. a4 Rb8 11. axb5 axb5 12. O-O Bd6 13. dxc5 Qxc5 14. Qd4 O-O 15.
Rd1 Rb6 16. Qxc5 Nxc5 17. Nd4 Bd7 18. Ra5 Nb7 19. Ra2 Rc8 20. Bd2 e5 21. Ndf5
Bf8 22. Be1 Be6 23. Ra7 g6 24. Ng3 Nd6 25. Ngf1 Nc4 26. b4 Nd6 27. f3 Bh6 28.
Bd2 Kg7 29. Rda1 Rd8 30. Ra8 Nc8 31. Be1 Rdd6 32. R1a5 e4 33. Bg3 Bxe3+ 34. Nxe3
Rd2 35. Kf1 exf3 36. gxf3 Nd6 37. Be5 g5 38. R5a6 Rxa6 39. Rxa6 Ne8 40. Ke1 Rb2
41. Bxb5 Kg6 42. Ra8 Ng7 43. Bd3+ Nf5 44. Ra6 1-0